Estadísticas para Copa Intercontinental - Mundial de Clubes

Haz click aquí para intentar la prueba.

Estadísticas generales

  • Esta prueba ha sido intentada 207 veces
    (112 desde el último reinicio)
  • La puntuación promedio es 50 de 62

Estadísticas de respuestas

Respuesta% Correcto
2015Barcelona
100%
2011Barcelona
100%
2009Barcelona
100%
1960Real Madrid
100%
1998Real Madrid
100%
2018Real Madrid
100%
2017Real Madrid
100%
2016Real Madrid
100%
2014Real Madrid
100%
2002Real Madrid
100%
2022Real Madrid
100%
1986River Plate
99%
1977Boca Juniors
96%
2003Boca Juniors
96%
2000Boca Juniors
96%
1965Inter
96%
1964Inter
96%
2010Inter
96%
2007A.C Milan
94%
1990A.C Milan
94%
1989A.C Milan
94%
1969A.C Milan
94%
2001Bayern Múnich
94%
2013Bayern Múnich
94%
2020Bayern Múnich
94%
1976Bayern Múnich
94%
1985Juventus
89%
1996Juventus
89%
2019Liverpool
89%
2008Manchester United
88%
1999Manchester United
88%
1973Independiente
83%
1984Independiente
83%
2021Chelsea
80%
1963Santos
79%
1962Santos
79%
1966Peñarol
77%
1961Peñarol
77%
1982Peñarol
77%
1967Racing
77%
1988Nacional
74%
1980Nacional
74%
1971Nacional
74%
1981Flamengo
70%
2000Corinthians
68%
2012Corinthians
68%
1997Borussia Dortmund
67%
1993Sao Paulo
66%
2005Sao Paulo
66%
1992Sao Paulo
66%
1968Estudiantes
63%
1972Ajax
61%
1995Ajax
61%
1974Atlético Madrid
60%
1994Vélez
59%
2004Oporto
55%
1987Oporto
55%
2006Internacional
48%
1991Estrella Roja
45%
1979Olimpia
45%
1983Gremio
41%
1970Feyenoord
32%

Distribución de puntuación

Porcentaje por número respondido

Porcentaje de gente con cada puntuación

Historial de tus puntuaciones

No has intentado esta prueba desde el último reinicio